00489 a2200145 4500010001400000020002600014035001300040037001600053082001400069100002400083245010000107260004600207270006300253300002700316 aENG-89006 a9780195685985c650.00 aEN-72539 bDBAD / PUB14a305.891421 aDusenbery, Verne A.1 aSikhs at large :cby Verne A. Dusenberybreligion, culture and politics in global perspective / aNew DelhibOxford University Pressc2008 aYMCA Library Building, Jai Singh RoadbNew Delhie110 001 c22 cm ( Hb.)bx, 337p.